000 01011cam a2200337 a 4500
001 5709
003 FISKH
005 20250115122237.0
008 991202s2001 nyua b 000 1 eng
010 _a 99088385
020 _a0670891177 (hc.)
020 _a0140567089 (pbk.)
040 _aDLC
_cDLC
_beng
050 _aPZ7.M515916
082 _a808.06
100 1 _aMeister, Cari.
245 1 0 _aTiny the snow dog /
_cby Cari Meister ; illustrated by Rich Davis.
260 _aNew York :
_bPuffin Book,
_c2001.
300 _a30 unnumbered pages :
_bcolor illustrations ;
_c23 cm
440 0 _aViking easy-to-read.
_nLevel 1
505 _aE
520 _aTiny and his owner play in the snow and Tiny becomes a snow dog.
521 8 _a190
_bLexile
521 8 _aE
_bRaz-Plus
650 1 _aSnow
_vFiction.
650 1 _aDogs
_vFiction.
700 1 _aDavis, Rich
_d1958-
_eillustrator
906 _a7
_bcbc
_corignew
_d1
_eocip
_f19
_gy-gencatlg
942 _2ddc
_cBK
_n0
999 _c5709
_d5709